| 000 | 00396nam a22001337a 4500 | ||
|---|---|---|---|
| 020 | _a0-916672-74-3 | ||
| 082 | _a355.43 IMP'A | ||
| 100 |
_aALFERD, JONATHAN _975473 |
||
| 245 | _aTHE IMPACT OF NEW MILITARY TECHNOLOGY | ||
| 260 |
_aOSMUN _bGOWER AND ALLANHELD _c1981 |
||
| 300 | _a132P | ||
| 650 |
_aARMS CONTROL ADDRESSES ESSAYS LECTURES STRATEGY ADDRESSES ESSAYS LECTURES _975474 |
||
| 942 | _cBK | ||
| 999 |
_c580880 _d580880 |
||